| 000 | 00803nam a2200289 i 4500 | ||
|---|---|---|---|
| 999 |
_c4684 _d4684 |
||
| 001 | 4684 | ||
| 003 | BD-JhCC | ||
| 005 | 20180102181635.0 | ||
| 008 | 780712s1978 caua b 001 0 eng | ||
| 020 | _a0874844207 | ||
| 035 | _a(BD-JhCC)4684 | ||
| 040 |
_aDLC _cDLC _dDLC _dBD-JhCC |
||
| 041 | _aeng | ||
| 050 | 0 | 0 |
_aPN2091.E4 _bG5 |
| 082 | 0 | 0 |
_a621.32 _bGIL 1978 |
| 100 | 1 | _aGillette, J. Michael. | |
| 245 | 1 | 0 |
_aDesigning with light : _ban introduction to stage lighting / _cJ. Michael Gillette. |
| 250 | _a1st ed. | ||
| 260 |
_aPalo Alto, Calif. : _bMayfield Pub.Co., _c1978. |
||
| 300 |
_avi, 195 p. : _bill. ; _c23 cm. |
||
| 500 | _aIncludes index. | ||
| 504 | _aBibliography: p. 191-192. | ||
| 650 | 0 | _aStage lighting. | |
| 650 | 0 | _aLighting Design | |
| 942 |
_2ddc _cBK |
||